त्रिपुरा;लोकजीवन और संस्कृति/ (Record no. 201425)

MARC details
000 -LEADER
fixed length control field 00711nam a22001817a 4500
005 - DATE AND TIME OF LATEST TRANSACTION
control field 20240313114105.0
010 ## - LCCN (DPL NO)
LC control number HIN-127073
020 ## - INTERNATIONAL STANDARD BOOK NUMBER
International Standard Book Number 8183249868
Terms of availability 700.00
035 ## - SYSTEM CONTROL NUMBER
System control number HN-99419
037 ## - SOURCE OF ACQUISITION
Source of stock number/acquisition DBAD/PUB
082 ## - DEWEY DECIMAL CLASSIFICATION NUMBER
Classification number 306.95456
100 ## - MAIN ENTRY--PERSONAL NAME
Personal name परमार, वीरेंद्र
245 ## - TITLE STATEMENT
Title त्रिपुरा;लोकजीवन और संस्कृति/
Statement of responsibility, etc वीरेंद्र परमार द्वारा लिखित
260 ## - PUBLICATION, DISTRIBUTION, ETC. (IMPRINT)
Place of publication, distribution, etc New Delhi
Name of publisher, distributor, etc Mittal Publication
Date of publication, distribution, etc 2021
270 ## - ADDRESS
Address 4594/9 daryaganj
City New Delhi
Postal code 110002
300 ## - PHYSICAL DESCRIPTION
Extent 178पृष्ठ;
Dimensions 23सेमी(सजिल्द)
942 ## - ADDED ENTRY ELEMENTS (KOHA)
Source of classification or shelving scheme Dewey Decimal Classification
Item type Hindi Books
Classification part 306.95456
Call number suffix परमा
Holdings
Withdrawn status Lost status Not for loan Collection code Home library Current library Date acquired Source of acquisition Cost, normal purchase price Full call number Barcode Copy number Cost, replacement price Koha item type
      Non-fiction Tri Nagar Tri Nagar 12/03/2024 DBAD/PUB 700.00 306.95456 परमा HN-99419 1 700.00 Hindi Books

© Delhi Public Library
Hit Counter
free hit counter